Perspectives on central banking and economic development in Nigeria
Guardat en:
| Autor principal: | |
|---|---|
| Format: | Llibre |
| Idioma: | anglès |
| Publicat: |
Evergreen Publishers
2001
|
| Etiquetes: |
Afegir etiqueta
Sense etiquetes, Sigues el primer a etiquetar aquest registre!
|
MARC
| LEADER | 00000nam a22000007a 4500 | ||
|---|---|---|---|
| 008 | 210408b ||||| |||| 00| 0 eng d | ||
| 020 | |a 978-35885-0-8 | ||
| 100 | |a 978-35885-0-8 | ||
| 245 | |a Perspectives on central banking and economic development in Nigeria |c Green Onyekaba Nwunkwo |g iv, 278p | ||
| 260 | |b Evergreen Publishers |c 2001 |h Lagos: |i 690721 |l HG3431 .A7N97 |m Banks and banking, Central – Nigeria – Congresses |m Monetary Policy – Nigeria – Congresses | ||
| 942 | |a lcc |c BK |e ADEKANYE, I.H. |f 08/04/2021 | ||
| 952 | |0 0 |1 0 |2 lcc |4 0 |6 HG3431 A7 N97 |7 0 |9 2078 |a HOL |b HOL |c GJ |d 2021-04-08 |l 0 |o HG3431 .A7N97 |p 2021-5935 |r 2021-04-08 00:00:00 |w 2021-04-08 |y BK | ||
| 999 | |c 1081 |d 1081 | ||